<?xml version="1.0" encoding="UTF-8" ?>
<collection xmlns="http://www.loc.gov/MARC21/slim"><record><leader>00872nas a2200265 c 4500</leader><controlfield tag="001">73599</controlfield><controlfield tag="003">CH-000273-5</controlfield><controlfield tag="005">20240705161436.0</controlfield><datafield tag="022" ind1=" " ind2=" "><subfield code="a">1860-0530</subfield></datafield><datafield tag="035" ind1=" " ind2=" "><subfield code="a">(OCoLC)610940228</subfield></datafield><datafield tag="040" ind1=" " ind2=" "><subfield code="a">CH-000273-5</subfield><subfield code="b">ger</subfield><subfield code="e">rda</subfield></datafield><datafield tag="041" ind1=" " ind2=" "><subfield code="a">ger</subfield></datafield><datafield tag="245" ind1="0" ind2="0"><subfield code="a">Kunstquartal</subfield><subfield code="b">im Hatje Cantz Verlag : internationaler Ausstellungsanzeiger</subfield></datafield><datafield tag="264" ind1="3" ind2="1"><subfield code="a">Ostfildern</subfield><subfield code="b">Hatje Cantz Verlag</subfield><subfield code="c">2005-</subfield></datafield><datafield tag="300" ind1=" " ind2=" "><subfield code="a">Hefte</subfield><subfield code="b">Illustrationen, farbig und schwarzweiss</subfield><subfield code="c">30 cm ; früher 22 cm</subfield></datafield><datafield tag="310" ind1=" " ind2=" "><subfield code="a">4 x jährlich</subfield></datafield><datafield tag="336" ind1=" " ind2=" "><subfield code="a">Text</subfield><subfield code="b">txt</subfield><subfield code="2">rdacontent</subfield></datafield><datafield tag="336" ind1=" " ind2=" "><subfield code="a">unbewegtes Bild</subfield><subfield code="b">sti</subfield><subfield code="2">rdacontent</subfield></datafield><datafield tag="337" ind1=" " ind2=" "><subfield code="a">ohne Hilfsmittel zu benutzen</subfield><subfield code="b">n</subfield><subfield code="2">rdamedia</subfield></datafield><datafield tag="338" ind1=" " ind2=" "><subfield code="a">Band</subfield><subfield code="b">nc</subfield><subfield code="2">rdacarrier</subfield></datafield><datafield tag="362" ind1="0" ind2=" "><subfield code="a">2005-</subfield></datafield><datafield tag="650" ind1="0" ind2="0"><subfield code="a">Kunst</subfield><subfield code="x">Austellung</subfield><subfield code="x">Programm</subfield><subfield code="y">Geschichte 1900-</subfield><subfield code="2">gnd</subfield></datafield><datafield tag="655" ind1="0" ind2="7"><subfield code="a">Zeitschrift</subfield><subfield code="2">gnd-content</subfield></datafield><datafield tag="780" ind1="0" ind2="0"><subfield code="t">Belser Kunst Quartal</subfield><subfield code="x">0947-8701</subfield></datafield><datafield tag="852" ind1="4" ind2="0"><subfield code="a">CH-000273-5</subfield><subfield code="c">Per 245</subfield></datafield></record></collection>